000 00414nam a22001697a 4500
003 MPLRDC
005 20220104180122.0
008 210129b ||||| |||| 00| 0 eng d
020 _a983-029-779-9
082 _a524.944 LIAN 1997
100 _aLEE SIN LIAN
245 _aKERTAS MODEL SPM PRIMA KBSM SEJARAH
_c
260 _a
_bSASBADI S/B
_c1997
300 _b
650 _a
942 _cBK
_o524.944 LIAN 1997
999 _c60751
_d60741